PNF IN PRACTICE AN ILLUSTRATED GUIDE (Record no. 209654)

MARC details
000 -LEADER
fixed length control field 00366nam a2200157Ia 4500
008 - FIXED-LENGTH DATA ELEMENTS--GENERAL INFORMATION
fixed length control field 221111s9999 xx 000 0 und d
020 ## - INTERNATIONAL STANDARD BOOK NUMBER
International Standard Book Number 9783662618172
082 ## - DEWEY DECIMAL CLASSIFICATION NUMBER
Item number BEC
100 ## - MAIN ENTRY--PERSONAL NAME
Personal name BECKERS DOMINIEK
245 #0 - TITLE STATEMENT
Title PNF IN PRACTICE AN ILLUSTRATED GUIDE
250 ## - EDITION STATEMENT
Edition statement 5TH
260 ## - PUBLICATION, DISTRIBUTION, ETC.
Name of publisher, distributor, etc. SPRINGER
Date of publication, distribution, etc. 2021
300 ## - PHYSICAL DESCRIPTION
Extent 343
650 ## - SUBJECT ADDED ENTRY--TOPICAL TERM
Topical term or geographic name entry element Neuromuscular
942 ## - ADDED ENTRY ELEMENTS (KOHA)
Koha item type Book
Holdings
Withdrawn status Lost status Damaged status Not for loan Home library Current library Shelving location Date acquired Cost, normal purchase price Total Checkouts Barcode Date last seen Date last checked out Price effective from Koha item type Public note
        Mewar University Central Library Mewar University Central Library Paramedical 08/10/2022 7568.00 3 MLT1367 30/04/2026 04/04/2026 08/10/2022 Book Paramedical R-4 S-4